Loading...
| Science - Chemistry | 1 | 4 | 1 | 1 | 50 | 82 | 100.60 | 0 | 3 | 6.60 | 18.30 |
| Literature - World | 1 | 1 | 0 | 0 | 25 | 59 | 87.50 | 0 | 1 | 6.25 | 10.00 |
| Beliefs | 0 | 3 | 1 | 0 | 25 | 94 | 106.67 | 0 | 0 | 2.96 | 6.23 |
| Science - Biology | 1 | 2 | 3 | 1 | 20 | 69 | 97.33 | 0 | 1 | 5.15 | 12.82 |
| Modern World | 0 | 1 | 0 | 0 | 10 | 119 | 119.00 | 0 | 0 | 0.21 | 2.50 |
| Science - Other | 0 | 2 | 2 | 2 | 10 | 123 | 123.50 | 0 | 0 | 0.09 | 1.96 |
| History - World | 0 | 1 | 1 | 0 | 5 | 99 | 99.00 | 0 | 0 | 1.55 | 4.62 |
| History - Ancient | 0 | 0 | 0 | 0 | 0 | 0.00 | 0 | 0 | 0.00 | 0.00 | |
| History - European | 0 | 0 | 1 | 0 | -5 | 0.00 | 0 | 0 | 0.00 | 0.00 | |
| Social Science | 0 | 0 | 1 | 0 | -5 | 0.00 | 0 | 0 | 0.00 | 0.00 | |
| Science - Physics | 0 | 0 | 1 | 0 | -5 | 0.00 | 0 | 0 | 0.00 | 0.00 |